000 00635nam a2200253Ia 4500
005 20260121153849.0
008 008 260114s9999 xx 000 0 eng d
020 _a9780367811440
037 _aEBOOK
040 _aCRL
040 _beng
040 _cCRL
041 _2eng
041 _aeng
084 _qCRL
100 _aGeorge H. Gass; Harold M. Kaplan
_91000068
245 0 _aHandbook of Endocrinology, Second Edition, Volume I
260 _bTaylor and Francis
260 _c1996
856 _uhttp://www.taylorfrancis.com/books/9780367811440
942 _cEBOOK
999 _c1566889
_d1566889